000 01212nam a22002537a 4500
005 20180913155728.0
008 100904t xxu||||| |||| 00| 0 hin d
010 _aHIN-90367 पुस्तक मेला
020 _a9789380458038
_c495.00
020 _c750.00 पुस्तक मेला
035 _aHN-62713
037 _bDBAD / PUB
037 _bसामयिक बुक्स
040 _aDPL
_bHN
082 _a503
100 _918244
_aपंत, दयानंद
245 _aविद्यार्थी विज्ञान शब्दकोश /
_cदयानंद पंत एवं विनोद कुमार मिश्र
246 _aVidhyarthi Vigyan Shabdkosh
_bby Dayanand Pant& Vinod Kumar Mishra
260 _aनई दिल्ली
_bसामयिक बुक्स
_c2010
_c2016 पुस्तक मेला
270 _a3320-21, जटवाड़ा, दरियागंज, एन.एस.मार्ग
_bनई दिल्ली
_e110002
300 _a511पृ.
_c22सेमी (सजिल्द)
700 _918260
_aमिश्र, विनोद कुमार
942 _2ddc
_cHN
_h503
_mपंतद
999 _c43813
_d43813